LEADER 03713 am 2200685 n 450 001 9910280877403321 005 20180331 010 $a2-86906-535-3 024 7 $a10.4000/books.pufr.8052 035 $a(CKB)4100000005183177 035 $a(FrMaCLE)OB-pufr-8052 035 $a(oapen)https://directory.doabooks.org/handle/20.500.12854/44686 035 $a(PPN)230000789 035 $a(EXLCZ)994100000005183177 100 $a20180716j|||||||| ||| 0 101 0 $afre 135 $auu||||||m|||| 181 $ctxt$2rdacontent 182 $cc$2rdamedia 183 $acr$2rdacarrier 200 13$aLa demeure noble en Haute-Normandie $e1450-1600 /$fXavier Pagazani 210 $aTours $cPresses universitaires François-Rabelais$d2018 215 $a1 online resource (360 p.) 311 $a2-86906-309-1 330 $aDurement touchée par la guerre de Cent Ans, la Normandie connaît un tel renouveau à partir de la fin du XVe siècle qu'elle devient le premier gisement fiscal du royaume, ce qui conduit le roi à accroître sa tutelle sur elle au cours du siècle suivant. Dans ce climat hautement favorable à l'activité architecturale, nombre de gentilshommes ? parmi lesquels le célèbre armateur dieppois Jean Ango et le futur amiral de France Claude d'Annebault ? reconstruisent, agrandissent ou embellissent leurs demeures campagnardes, et renouvellent radicalement le paysage monumental de la province. Fondé sur l'analyse approfondie de près de quatre-vingt petits châteaux et manoirs, ce livre retrace les rebondissements de l'histoire dont la Normandie fut le théâtre. Si la méthode adoptée privilégie l'analyse archéologique des bâtiments, elle y associe une approche comparative avec les réalisations nationales, les modèles graphiques et les traités « rustiques » contemporains (Androuet du Cerceau, Estienne, Liébault, Serres), qui proposent souvent des usages déjà répandus. Il permet non seulement de comprendre le fonctionnement, les particularismes et l'évolution des manoirs haut-normands entre 1450 et 1600, mais il révèle aussi une capacité des architectes ?uvrant dans la province à innover, avec l'apparition précoce du plan double en profondeur, du vestibule à l'antique ou encore de la fenêtre à meneau en bois, expérimentations qui, en raison des guerres civiles, ne seront pleinement exploitées qu'au siècle suivant. Après l'étude pionnière sur Le Manoir en Bretagne, 1380-1600 (Inventaire général, Paris, 1993), ce livre offre un nouveau point de comparaison solide pour d'autres études régionales des « maisons aux champs » de la noblesse française. 606 $aHistory 606 $aMedieval & Renaissance Studies 606 $aNormandie 606 $aRenaissance 606 $anoblesse 606 $achantier 606 $achâteau 606 $ahabitat domestique 606 $arésidence aristocratique 606 $amanoir 610 $aRenaissance 610 $achantier 610 $amanoir 610 $achâteau 610 $ahabitat domestique 610 $aNormandie 610 $anoblesse 610 $arésidence aristocratique 615 4$aHistory 615 4$aMedieval & Renaissance Studies 615 4$aNormandie 615 4$aRenaissance 615 4$anoblesse 615 4$achantier 615 4$achâteau 615 4$ahabitat domestique 615 4$arésidence aristocratique 615 4$amanoir 700 $aPagazani$b Xavier$01283676 701 $aMignot$b Claude$01216349 801 0$bFR-FrMaCLE 906 $aBOOK 912 $a9910280877403321 996 $aLa demeure noble en Haute-Normandie$93021015 997 $aUNINA